000 00554nam a2200169 4500
008 011026s1979 us engYA
020 _a0801043123
090 _aBR1608.5
_bH36
100 1 _aHefley, James
245 1 0 _aBy their blood :
_bChristian martyrs of the twentieth century /
_cJames Hefley and Marti Hefley.
260 _aMichigan :
_bBaker,
_cc1979.
300 _a636 p.
650 4 _aChristian martyrs
_xBiography.
700 1 _aHefley, Marti
950 0 _16.95/12.00
951 _p12725
_x00021458
_oBR1608.5/H36
_j070613111012500
_d2000-12-21
_cGC
999 _c4587
_d4587